LIBRARY & INFORMATION CENTRE, KCAET, TAVANUR

ONLINE PUBLIC ACCESS CATALOGUE (OPAC)

Indira's Objective Agricultural Extension Multiple choice questions (MCQ's) for competitive exams of Agricultural extention) (Record no. 14351)

MARC details
000 -LEADER
fixed length control field 00454nam a22001457a 4500
020 ## - INTERNATIONAL STANDARD BOOK NUMBER
ISBN 9788172338718
082 ## - DEWEY DECIMAL CLASSIFICATION NUMBER
Classification number 630
Item number ARY/OB
100 ## - MAIN ENTRY--AUTHOR NAME
Personal name Arya, Renu
100 ## - MAIN ENTRY--AUTHOR NAME
Personal name Arya,R.L
100 ## - MAIN ENTRY--AUTHOR NAME
Personal name Janardan Kumar
245 ## - TITLE STATEMENT
Title Indira's Objective Agricultural Extension Multiple choice questions (MCQ's) for competitive exams of Agricultural extention)
260 ## - PUBLICATION, DISTRIBUTION, ETC. (IMPRINT)
Place of publication New Delhi
Name of publisher Scientific Publishers (India)
Year of publication 2014
300 ## - PHYSICAL DESCRIPTION
Number of Pages 459
942 ## - ADDED ENTRY ELEMENTS (KOHA)
Koha item type Books
Holdings
Withdrawn status Lost status Damaged status Collection code Home library Current library Shelving location Date acquired Source of acquisition Cost, normal purchase price Full call number Accession Number Koha item type
        KAUAET KAUAET General Stacks 21/06/2016 Aman Book Stall Calicut 325.00 630 ARY/OB 24671 Books
free website counter